| 000 | 00867nam0a22002651 4500 | ||
|---|---|---|---|
| 001 | rc\4365982 | ||
| 005 | 20250611162558.0 | ||
| 021 |
_aRU _b[57-63167] |
||
| 035 | _a(NLR Aleph) 008284481 | ||
| 090 |
_a8537314 _c8537314 |
||
| 100 | _a20130416d1957 |||y0rusy50 ca | ||
| 101 | 0 | _arus | |
| 102 | _aRU | ||
| 105 | _aa z ||||| | ||
| 200 | 1 |
_aИзбранные произведения _f[Вступ. статья С. Лукьянова |
|
| 210 |
_aМосква] _cСов. художник _d[1957] |
||
| 215 |
_a[4] с., 12 л. ил. _cил. _d31 |
||
| 700 | 1 |
_7ca _8rus _aГолубкина _bА. С. _f1864-1927 _gАнна Семеновна _9248231 _3RU\NLR\AUTH\770248287 |
|
| 702 | 1 |
_aЛукьянов _bС. _4080 |
|
| 801 | 0 |
_aRU _bNLR _gpsbo |
|
| 801 | 1 |
_aRU _bELAR _2rusmarc |
|
| 852 |
_aNLR _jЭ АлИс440/2-Г.622 |
||
| 942 | _cBOOK | ||
| 980 | _aNB | ||